Vývoj platební bilance České republiky v roce 1993

Vonkajšie ekonomické prostredie. Vývoj platobnej bilancie ČR. Menový kurz a opatrenia na podporu exportu v r. 1993.

Uložené v:
Podrobná bibliografia
Hlavný autor: Olšovský, R.
Médium: Kapitola
Jazyk:Czech
Predmet:
Tagy: Pridať tag
Žiadne tagy, Buďte prvý, kto otaguje tento záznam!

MARC

LEADER 00000naa a2200000 4500
001 r016843
005 20221205090302.6
041 0 |a cze 
044 |a CZ 
245 1 0 |a Vývoj platební bilance České republiky v roce 1993  |c R. Olšovský 
520 |a Vonkajšie ekonomické prostredie. Vývoj platobnej bilancie ČR. Menový kurz a opatrenia na podporu exportu v r. 1993. 
610 2 0 |a bilancia platobná 
610 2 0 |a Česko 
610 2 0 |a 1993 
610 2 0 |a kurz menový 
610 2 0 |a podpora vývozu 
100 1 |a Olšovský, R.